000 00337nam a22001577a 4500
003 SGT
020 _a9788175345836
082 _a346.540486,ARO
100 _aARORA,MANISH
245 _aGUIDE TO PATENTS LAW
250 _a4TH
260 _aNEW DELHI
_bUNIVERSAL
_c2015
300 _a572
650 _aPRIVATE LAW
942 _2ddc
_cBK
999 _c10621
_d10621